<?xml version="1.0" encoding="UTF-8"?>
<collection xmlns="http://www.loc.gov/MARC21/slim">
    <record>
        <controlfield tag="001">68449</controlfield>
        <controlfield tag="005">20180223095301.0</controlfield>
        <datafield tag="037" ind1=" " ind2=" ">
            <subfield code="a">GDOC-2016-67609</subfield>
        </datafield>
        <datafield tag="041" ind1=" " ind2=" ">
            <subfield code="a">spa</subfield>
        </datafield>
        <datafield tag="100" ind1=" " ind2=" ">
            <subfield code="0">(orcid)0000-0002-2228-7861</subfield>
            <subfield code="1">118648</subfield>
            <subfield code="a">Sáez Pérez, Luis Antonio</subfield>
        </datafield>
        <datafield tag="245" ind1="0" ind2="0">
            <subfield code="9">67609</subfield>
            <subfield code="a">Presupuesto y políticas de gasto de la Unión Europea</subfield>
        </datafield>
        <datafield tag="242" ind1="0" ind2="0">
            <subfield code="9">67609</subfield>
            <subfield code="a">European Union budget and spending policy</subfield>
        </datafield>
        <datafield tag="260" ind1=" " ind2=" ">
            <subfield code="a">Zaragoza</subfield>
            <subfield code="b">Universidad de Zaragoza</subfield>
            <subfield code="c">2016-2017</subfield>
        </datafield>
        <datafield tag="520" ind1=" " ind2=" ">
            <subfield code="a">Breve presentación de la asignatura
La asignatura de Presupuesto y Políticas de Gasto de la Unión Europea es una de las cuatro asignaturas obligatorias del Máster y junto a Economía de la Unión Europea constituye el núcleo básico del módulo de Economía. Se desarrolla en el primer semestre del curso y equivale a 6 créditos ECTS. Tiene como objetivos principales el desarrollo de los temas claves para comprender la intervención de la Unión Europea en la economía, atendiendo tanto a sus fundamentos económicos (economía del federalismo fiscal) como a su principal instrumento de intervención (el Presupuesto de la UE), con especial atención a la justificación, las características y los efectos de las principales políticas de gasto. Junto a las otras tres asignaturas obligatorias del Máster proporciona la formación básica sobre la economía y el derecho de la UE. Junto con las demás asignaturas del módulo de economía permite al estudiante obtener una formación de carácter eminentemente económico sobre la UE.</subfield>
            <subfield code="b"> </subfield>
        </datafield>
        <datafield tag="521" ind1=" " ind2=" ">
            <subfield code="9">644</subfield>
            <subfield code="a">Unión Europea</subfield>
        </datafield>
        <datafield tag="540" ind1=" " ind2=" ">
            <subfield code="a">by-nc-sa</subfield>
            <subfield code="b">Creative Commons</subfield>
            <subfield code="c">3.0</subfield>
            <subfield code="u">http://creativecommons.org/licenses/by-nc-sa/3.0/</subfield>
        </datafield>
        <datafield tag="700" ind1=" " ind2=" ">
            <subfield code="0">(orcid)0000-0002-9111-0461</subfield>
            <subfield code="1">135758</subfield>
            <subfield code="a">Mancebón Torrubia, María Jesús</subfield>
        </datafield>
        <datafield tag="700" ind1=" " ind2=" ">
            <subfield code="0">(orcid)0000-0001-5450-6312</subfield>
            <subfield code="1">507371</subfield>
            <subfield code="a">Collantes Gutiérrez, Fernando</subfield>
        </datafield>
        <datafield tag="830" ind1=" " ind2=" ">
            <subfield code="9">524</subfield>
        </datafield>
        <datafield tag="856" ind1="4" ind2=" ">
            <subfield code="s">17173</subfield>
            <subfield code="u">http://zaguan.unizar.es/record/68449/files/guia-67609-es.pdf</subfield>
            <subfield code="y">Guía (idioma español)</subfield>
        </datafield>
        <datafield tag="856" ind1="4" ind2=" ">
            <subfield code="s">7686</subfield>
            <subfield code="u">http://zaguan.unizar.es/record/68449/files/guia-67609-en.pdf</subfield>
            <subfield code="y">Guide (english)</subfield>
        </datafield>
        <datafield tag="970" ind1=" " ind2=" ">
            <subfield code="a">GDOC-2016-67609</subfield>
        </datafield>
        <datafield tag="980" ind1=" " ind2=" ">
            <subfield code="a">GDOC</subfield>
            <subfield code="b">Ciencias sociales y jurídicas</subfield>
            <subfield code="c">109</subfield>
        </datafield>
    </record>

    
</collection>